Name Every 2021-22 Toronto Maple Leaf - Statistics

General Stats
  • This quiz has been taken 27 times
  • The average score is 25 of 39
Answer Stats
Jersey # Position GP* Answer % Correct
#15 LW, C, RW 82 Alex Kerfoot
100%
#3 RD 69 Justin Holl
100%
#16 RW 72 Mitch Marner
100%
#34 C 73 Auston Matthews
83%
#64 C 82 David Kampf
83%
#36 G 49 Jack Campbell
83%
#8 LD 47 Jake Muzzin
83%
#91 C, LW 79 John Tavares
83%
#60 G 4 Joseph Woll
83%
#55 LD 20 Mark Giordano
83%
#44 LD 82 Morgan Rielly
83%
#89 LW, RW 10 Nick Robertson
83%
#38 LD 51 Rasmus Sandin
83%
#37 RD 61 Timothy Liljegren
83%
#78 LD/RD 82 TJ Brodie
83%
#88 RW 81 William Nylander
83%
#50 G 14 Erik Kallgren
67%
#65 LW, RW 53 Ilya Mikheyev
67%
#19 C, RW 71 Jason Spezza
67%
#43 LW 23 Kyle Clifford
67%
#58 LW 79 Michael Bunting
67%
#30 G 2 Michael Hutchinson
67%
#47 RW, LW 78 Pierre Engvall
67%
#23 LD/RD 43 Travis Dermott
67%
#24 RW, LW 72 Wayne Simmonds
67%
#46 LW, RW 3 Alex Steeves
50%
#11 C, RW 19 Colin Blackwell
50%
#46 RD 31 Ilya Lyubushkin
50%
#28 RW 5 Joey Anderson
50%
#35 G 20 Petr Mrazek
50%
#33 RD 2 Alex Biega
33%
#62 C, LW 2 Brett Seney
33%
#48 LD 3 Carl Dahlstrom
33%
#56 LD 3 Kristians Rubins
33%
#18 RW, LW 3 Mike Amadio
33%
#26 LW, C 9 Nick Abruzzese
33%
#20 LW 33 Nick Ritchie
33%
#25 RW 50 Ondrej Kase
33%
#94 C 3 Kirill Semyonov
17%
No matching quizzes found
Score Distribution
Percent of People with Each Score
Percentile by Number Answered
Your Score History
You have not taken this quiz